000 00482nam a2200193Ia 4500
003 GCL
008 140319s9999 xx 000 0 eng d
040 _aGCL /
_cGCL
082 0 4 _a128.4
_bW W
100 1 _aWELLS, H.G.
245 1 0 _aTHE WORK, WEALTH AND HAPPINESS /
_cWELLS, H.G.
260 _a[S.N] :
_bWILLIAM HEINEMANN LTD ،
_c1932
300 _a850 P
650 0 4 _aPHILOSOPHY
650 0 4 _aEPIDEMIOLOGY
650 0 4 _aCAUSATION
650 0 4 _aHUMANKIND
942 _2ddc
_cBK
999 _c16888
_d16888